| 000 | 01067nam0a22002771 4500 | ||
|---|---|---|---|
| 001 | rc\432476 | ||
| 005 | 20030616170826.6 | ||
| 010 |
_a5-09-000839-6 _963500 |
||
| 035 | _a(NLR Aleph) 005679098 | ||
| 090 |
_a7055581 _c7055581 |
||
| 100 | _a20030616d1988 u |0rusy50 ca | ||
| 101 | 0 | _arus | |
| 102 | _aRU | ||
| 105 | _aa ||||||||| | ||
| 200 | 1 |
_aИзобразительное искусство в 1-4 классах малокомплектной начальной школы _eПособие для учителя _fВ.С. Кузин, Э.И. Кубышкина, Т.Я. Шпикалова |
|
| 210 |
_aМ. _cПросвещение _d1988 |
||
| 215 |
_a110 с. _c[12] л. ил. _d22 |
||
| 320 | _aБиблиогр.: с. 106-107 | ||
| 700 | 1 |
_aКузин _bВ. С. _gВладимир Сергеевич |
|
| 701 | 1 |
_aШпикалова _bТ. Я. _gТамара Яковлевна |
|
| 701 | 1 |
_aКубышкина _bЭ. И. _gЭмма Ивановна |
|
| 801 | 0 |
_aRU _bNLR _gpsbo |
|
| 801 | 1 |
_aRU _bELAR _2rusmarc |
|
| 852 |
_aNLR _j88-5/6519 |
||
| 942 | _cBOOK | ||
| 980 | _aNB | ||